Propuestas presentadas al premio a la investigación e innovación educativa 2021. Modalidad investigación

En la edición del presente año hay una fuerte tendencia a propuestas en torno a los procesos educativos centrados en TIC, esto derivado de la pandemia y de las nuevas formas de pensar la escuela en los escenarios virtuales a los que la emergencia sanitaria nos arrojó. En esta misma lógica, se observ...

Deskribapen osoa

Gorde:
Xehetasun bibliografikoak
Erakunde egilea: Instituto para la Investigación Educativa y Desarrollo Pedagógico, IDEP
Formatua: Baliabide elektronikoa Software eBook
Hizkuntza:Spanish
Argitaratua: Bogotá: IDEP, 2021.
Gaiak:
Sarrera elektronikoa:Enlace del recurso
Etiketak: Etiketa erantsi
Etiketarik gabe, Izan zaitez lehena erregistro honi etiketa jartzen!

MARC

LEADER 00000nmm a22000007a 4500
003 OSt
005 20251026064444.0
007 cz az aaaaa
008 250131t2021 ck ||||fo||d|o00| 0 spa
999 |c 7330  |d 7330 
040 |a CO-BoIIE  |b SPA  |e RCAA 
082 |a 371.102070202 ID19in  |2 21 
110 2 |a Instituto para la Investigación Educativa y Desarrollo Pedagógico, IDEP  |9 17 
245 |a Propuestas presentadas al premio a la investigación e innovación educativa 2021.  |b Modalidad investigación  |h [Recurso electrónico] 
260 3 |a Bogotá:   |b IDEP,   |c 2021. 
300 |a 1 archivo PDF con 51 páginas,   |g 8.8  |f Megas 
504 |a Incluye bibliografía de manera independiente por capítulo. 
520 3 |a En la edición del presente año hay una fuerte tendencia a propuestas en torno a los procesos educativos centrados en TIC, esto derivado de la pandemia y de las nuevas formas de pensar la escuela en los escenarios virtuales a los que la emergencia sanitaria nos arrojó. En esta misma lógica, se observan trabajos que enfatizan el desarrollo de competencias del siglo XXI, enfocadas en la alfabetización digital, como una apuesta necesaria para cerrar las brechas sociales, académicas y económicas. 
586 |a Compilación de los trabajos seleccionados en la modalidad de Investigación, para los Premio a la Investigación e Innovación Educativa, del año 2021. 
650 1 7 |2 BNE  |a Escuelas primarias  |9 16765 
650 1 7 |2 BNE  |a Escuelas secundarias  |9 16766 
650 1 7 |2 BNE  |a Investigación activa en educación  |9 16767 
650 1 7 |2 BNE  |a Investigación-Subvenciones  |9 16768 
650 1 7 |2 BNE  |a Premios  |9 4565 
651 |a Bogotá (Colombia)  |9 16769 
942 |2 ddc  |c BK  |h 371.102070202 ID19in  |i Ej. 1  |6 371_102070202000000_ID19IN_EJ__1 
856 |u https://catalogo.idep.edu.co/cgi-bin/koha/opac-detail.pl?biblionumber=7330  |z Enlace del recurso